Kamus At-Tullab

Bibliographic Details
Format: Book
Published: Kuala Lumpur : DarulFikir , 1994
Subjects:

MARC

LEADER 00000cam a2200000 7i4500
001 0000016536
005 20080425.0
008 250408
020 |a 9839668269 
090 0 0 |a 413   |b HUS 
245 1 0 |a Kamus At-Tullab   |c By Hussain B.Unang 
260 |a Kuala Lumpur :   |b DarulFikir ,   |c 1994 
650 0 |a Arabic   |x Dictionaries 
999 |a 0000576251   |b Book   |c Adult Collection   |e Cawangan Pontian 
999 |a 0000576254   |b Book   |c Adult Collection   |e Cawangan Mersing 
999 |a 0001012896   |b Book   |c REFERENCE   |e Perbadanan Perpustakaan Awam Johor 
999 |a 0001012897   |b Book   |c REFERENCE   |e Perbadanan Perpustakaan Awam Johor 
999 |a 0001012898   |b Book   |c REFERENCE   |e Perbadanan Perpustakaan Awam Johor 
999 |a 0001012899   |b Book   |c REFERENCE   |e Cawangan Urban Transformation Centre 
999 |a 0001071304   |b Book   |c REFERENCE   |e Cawangan Sri Merlong 
999 |a 000576250   |b Book   |c Adult Collection   |e Cawangan Muar